Statistics for Fictional People Named Peter

Click here to take the quiz!

General Stats

  • This quiz has been taken 43 times
    (38 since last reset)
  • The average score is 6 of 15

Answer Stats

Peter / Pete / Pietro / PiotrCharacter% Correct
Spiderman's alter-egoPeter Parker
97%
The boy who never grows upPeter Pan
91%
"Family Guy" patriarchPeter Griffin
77%
Known as Star-LordPeter Quill
63%
Human rat that killed Cedric Diggory in Harry PotterPeter Pettigrew
46%
One of the iconic GhostbustersPeter Venkman
43%
Snuck into Mr. McGregor's gardenPeter Rabbit
37%
Quicksilver's alter-egoPietro Maximoff
34%
The toy villain of Toy Story 2Stinky Pete
34%
The Oldest of the main 4 children of NarniaPeter Pevensie
23%
The father of Kevin in Home AlonePeter McCallister
17%
In NBC's Heroes series he possesses the ability to absorb other people's powersPeter Petrelli
6%
X-Men character known as ColossusPiotr Rasputin
6%
Special agent protagonist in Saw VIPeter Strahm
0%
Vampire killer in Fright NightPeter Vincent
0%

Score Distribution

Percentile by Number Answered

Percent of People with Each Score

Your Score History

You have not taken this quiz since the last reset